Reintegrating Social Theory : (Record no. 608093)

MARC details
000 -LEADER
fixed length control field 00514nam a2200181 a 4500
008 - FIXED-LENGTH DATA ELEMENTS--GENERAL INFORMATION
fixed length control field 260110s2006##################000#0#eng##
020 ## - INTERNATIONAL STANDARD BOOK NUMBER
ISBN 3631547293
082 04 - DEWEY DECIMAL CLASSIFICATION NUMBER
Classification number 301.01
Item number STR
100 1# - MAIN ENTRY--AUTHOR NAME
Personal name Strauss, D. F. M.,
245 10 - TITLE STATEMENT
Title Reintegrating Social Theory :
260 ## - PUBLICATION, DISTRIBUTION, ETC. (IMPRINT)
Name of publisher Peter Lang Gmbh, Internationaler Verlag Der Wissenschaften,
Year of publication 2006.
650 #0 - SUBJECT ADDED ENTRY--TOPICAL TERM
Topical Term Sociology.
942 ## - ADDED ENTRY ELEMENTS (KOHA)
Koha item type English Books
Holdings
Withdrawn status Lost status Damaged status Not for loan Home library Current library Shelving location Date acquired Full call number Accession Number Price effective from Koha item type
        Anna Centenary Library Anna Centenary Library 3RD FLOOR, B WING 10.01.2026 301.01 STR 220474 10.01.2026 English Books

Find us on the map